00658nam a2200157 a 450000100100000000500170001000800410002704000250006810000320009324500830012524600860020826000630029430000200035795201060037799900170048300004082620201002034416.0130909s2004 dr 000 0 spa d aDO-SdBNPbspacBNPHU1 aRobison, Fredrick A.96724910a¿Por qué soy cristiano? ¿por qué soy católico? /cFredrick A. Robison.14a¿Por qué soy cristiano? ¿por qué soy católico? ¿Por qué soy anglicano? a[Santo Domingo ] :bIglesia Episcopal Dominicana,c[199?]. a35 p. ;c21 cm. 00107-18PDaPDbPDcOId2013-09-09iLF1l0o p40826-10r2020-06-25w2020-06-25yLFPDZNo se presta c40316d40316